LIBRARY & INFORMATION CENTRE, KCAET, TAVANUR

ONLINE PUBLIC ACCESS CATALOGUE (OPAC)

London Revived / (Record no. 4961)

MARC details
000 -LEADER
fixed length control field 00357cam a2200145ua 4500
041 ## - LANGUAGE CODE
Language code of text/sound track or separate title eng
082 ## - DEWEY DECIMAL CLASSIFICATION NUMBER
Classification number 828.09
Item number EVE/LO
100 ## - MAIN ENTRY--AUTHOR NAME
Personal name Evelyn, John .
245 ## - TITLE STATEMENT
Title London Revived /
260 ## - PUBLICATION, DISTRIBUTION, ETC. (IMPRINT)
Place of publication London :
Name of publisher Oxford at the Clarendon Press ,
Year of publication 1938.
300 ## - PHYSICAL DESCRIPTION
Number of Pages 61 ; .
942 ## - ADDED ENTRY ELEMENTS (KOHA)
Koha item type Books
Holdings
Withdrawn status Lost status Damaged status Home library Current library Date acquired Cost, normal purchase price Full call number Accession Number Koha item type Public note
Withdrawn     KAUAET Sanskrit University 07/04/2012 10.60 828.09 6690 Books Transferred to Sanskrit University
free website counter